| 000 | 00736nam a2200229Ia 4500 | ||
|---|---|---|---|
| 003 | LK-CoDNM | ||
| 005 | 20241101094727.0 | ||
| 008 | 010623t1922 xxu||||| |||| 00| 1 sin d | ||
| 040 |
_aLK-CoDNM _dLK-CoDNM _eLK-CoDNM |
||
| 041 | _asin | ||
| 080 | _a104 A 15 | ||
| 100 | _aSumedha Thero,K.Sri. | ||
| 245 | _aනිල් ලිහිණි සංදේශ කාව්ය- Part II | ||
| 246 | _aNil Lihini Sandesa Kawya | ||
| 260 |
_bThe Oriental Literature Society _aMadampe _c1922 |
||
| 300 | _blii,92p, 21 cm | ||
| 650 | _aAnanda Rajakaruna | ||
| 650 | _aParani Sinhala kavi Poth | ||
| 650 | _aSandesha Literature | ||
| 650 | _aනිල් ලිහිණි සංදේශ කාව්ය- Part II | ||
| 942 | _cBK | ||
| 999 |
_c224998 _d224998 |
||